00464 2200169 4500001002100000005001500021035002000036245007800056100001700134250001700151300003000168260003900198082001000237084001600247020002200263600000900285INLIS00000000000084420250109111626 a0010-01250000171 aEnsiklopedia Visual Ilmu Pengetahuan Populer 5 :bPelukis /cAprio Rabadi0 aAprio Rabadi acetakan ke-1 a55 hlm :bIlus ;c21,5 cm aBekasi :bUranus Publishing,c2011 a750.3 a750.3 APR e a978-602-863-743-5 4aseni